[Event "Europe Echecs Blitz Sept op"]
[Site "Europe Echecs INT"]
[Date "2021.09.19"]
[Round "2"]
[White "Mallassagne, Francois Eric"]
[Black "Ben Mohamed, Kader"]
[Result "1-0"]
[WhiteElo "2149"]
[BlackElo "1591"]
[PlyCount "60"]
[EventDate "2021.09.19"]
[EventType "swiss (blitz)"]
[EventRounds "11"]
[EventCountry "FRA"]
[SourceTitle "CBM 204 Extra"]
[Source "ChessBase"]
[SourceDate "2021.11.30"]
[SourceVersion "1"]
[SourceVersionDate "2021.11.30"]
[SourceQuality "1"]

1. d4 Nf6 2. Nf3 d6 3. Bg5 g6 4. Nc3 Bg7 5. Qd2 Nbd7 6. 0-0-0 0-0 7. Bh6 e5 8. dxe5 Bxh6 9. Qxh6 Qe7 10. exf6 Nxf6 11. e4 Bg4 12. Be2 Bxf3 13. Bxf3 Rfe8 14. h4 Kh8 15. h5 Ng8 16. Qf4 Qf8 17. hxg6 fxg6 18. Qe3 Qg7 19. Nd5 Re5 20. g3 Rc8 21. Bg2 c6 22. Nc3 d5 23. Qd4 Rh5 24. Rxh5 gxh5 25. Qxg7+ Kxg7 26. exd5 cxd5 27. Rxd5 Nf6 28. Rd6 Re8 29. b3 Re7 30. Nd5 Rc7 1-0